<?xml version="1.0" encoding="UTF-8"?><?xml-stylesheet type="text/xsl" href="static/style.xsl"?><OAI-PMH xmlns="http://www.openarchives.org/OAI/2.0/" xmlns:xsi="http://www.w3.org/2001/XMLSchema-instance" xsi:schemaLocation="http://www.openarchives.org/OAI/2.0/ http://www.openarchives.org/OAI/2.0/OAI-PMH.xsd"><responseDate>2026-04-27T12:41:27Z</responseDate><request verb="GetRecord" identifier="oai:uvadoc.uva.es:10324/4503" metadataPrefix="marc">https://uvadoc.uva.es/oai/request</request><GetRecord><record><header><identifier>oai:uvadoc.uva.es:10324/4503</identifier><datestamp>2025-02-13T10:47:40Z</datestamp><setSpec>com_10324_38</setSpec><setSpec>col_10324_852</setSpec></header><metadata><record xmlns="http://www.loc.gov/MARC21/slim" xmlns:doc="http://www.lyncode.com/xoai" xmlns:xsi="http://www.w3.org/2001/XMLSchema-instance" xmlns:dcterms="http://purl.org/dc/terms/" xsi:schemaLocation="http://www.loc.gov/MARC21/slim http://www.loc.gov/standards/marcxml/schema/MARC21slim.xsd">
<leader>00925njm 22002777a 4500</leader>
<datafield tag="042" ind1=" " ind2=" ">
<subfield code="a">dc</subfield>
</datafield>
<datafield tag="720" ind1=" " ind2=" ">
<subfield code="a">San José de la Fuente, Lucía</subfield>
<subfield code="e">author</subfield>
</datafield>
<datafield tag="260" ind1=" " ind2=" ">
<subfield code="c">2014</subfield>
</datafield>
<datafield tag="520" ind1=" " ind2=" ">
<subfield code="a">El presente trabajo de fin de grado está enfocado desde la perspectiva de la Educación Especial, ya que, se centra en la acción educativa que se puede llevar a cabo en el colegio (y no solo en el colegio) con alumnos y alumnas de educación primaria que presentan Síndrome de Asperger. Concretamente el proyecto propone un diseño de intervención basado en el tratamiento de las emociones, es decir, cómo enseñar al alumno o alumna con Síndrome de Asperger, a conocer, reconocer y/o comprender los diferentes estados de ánimo y lo que significan, para mejorar su inclusión en la comunidad educativa y en la sociedad.</subfield>
</datafield>
<datafield tag="024" ind2=" " ind1="8">
<subfield code="a">http://uvadoc.uva.es/handle/10324/4503</subfield>
</datafield>
<datafield ind1=" " ind2=" " tag="653">
<subfield code="a">Asperger, Síndrome de</subfield>
</datafield>
<datafield ind1=" " ind2=" " tag="653">
<subfield code="a">Educación especial</subfield>
</datafield>
<datafield tag="245" ind1="0" ind2="0">
<subfield code="a">El tratamiento de las emociones en el síndrome de Asperger</subfield>
</datafield>
</record></metadata></record></GetRecord></OAI-PMH>